Arbi sekhiay (Urdu) (Record no. 7503)

000 -LEADER
fixed length control field 00395 a2200145 4500
082 ## - DEWEY DECIMAL CLASSIFICATION NUMBER
Classification number 492.7
090 ## - LOCALLY ASSIGNED LC-TYPE CALL NUMBER (OCLC); LOCAL CALL NUMBER (RLIN)
-- 3598
-- 3598
100 ## - MAIN ENTRY--PERSONAL NAME
Personal name Abdur Rehman Tahir Surti
245 ## - TITLE STATEMENT
Title Arbi sekhiay (Urdu)
Statement of responsibility, etc. Abdur Rehman Tahir Surti
Medium Book
260 ## - PUBLICATION, DISTRIBUTION, ETC.
Place of publication, distribution, etc. Islamabad: ,
Name of publisher, distributor, etc. Muqtedara Qomi Zuban
Date of publication, distribution, etc. 1998.
300 ## - PHYSICAL DESCRIPTION
Extent 419 p. ;
Dimensions 24 cm.
500 ## - GENERAL NOTE
General note Includes Index
650 ## - SUBJECT ADDED ENTRY--TOPICAL TERM
Topical term or geographic name entry element Arabic Grammar
942 ## - ADDED ENTRY ELEMENTS (KOHA)
Koha item type Book
Call number prefix 492.7 SUR
Holdings
Withdrawn status Lost status Damaged status Not for loan Collection code Permanent Location Current Location Shelving location Date acquired Source of acquisition Cost, normal purchase price Total Checkouts Total Renewals Full call number Barcode Date last seen Date last checked out Price effective from Koha item type
          Central Library (CL) Central Library (CL) General Stacks 08/23/2002 National Language Authority 90.00 1 2 492.7 SUR SEECS002327 06/02/2025 03/14/2025 01/05/2017 Book
          Central Library (CL) Central Library (CL) General Stacks 08/23/2002 National Language Authority 60.00 3 2 492.7 SUR SEECS002321 06/02/2025 03/14/2025 01/05/2017 Book
© 2023 Central Library, National University of Sciences and Technology. All Rights Reserved.